| 000 | 00562nam a22002057a 4500 | ||
|---|---|---|---|
| 003 | OSt | ||
| 005 | 20140310183050.0 | ||
| 008 | 130227t xxu||||| |||| 00| 0 eng d | ||
| 020 | _a9712715833 (pbk.) | ||
| 050 |
_aNC 1729 _b.Av957 2005 |
||
| 082 |
_aFIL 741.5 _bAv957 2005 |
||
| 245 |
_aHuling ptyk : da art of Nonoy Marcelo _ced. Aviado, Pandy |
||
| 260 |
_aPasig City _bAnvil Pub. _cc2005 |
||
| 300 |
_a202 p. _bill. (some col.) _c27 cm. |
||
| 521 | _aCollege | ||
| 526 | _c1210L-1700L | ||
| 541 | _j1 | ||
| 562 | _e1 | ||
| 942 |
_2lcc _cBK _kFIL |
||
| 999 |
_c18649 _d18649 |
||